BIBLIOTECA “JULIO CORTÁZAR”
ESCUELA AGROTÉCNICA “LIBERTADOR GENERAL SAN MARTÍN” - UNR – CASILDA

Logo Escuela Logo UNR

Sanidad del ganado vacuno lechero / (Record no. 656)

MARC details
000 -LEADER
campo de control de longitud fija 00982nam#a22003255a#4500
001 - NÚMERO DE CONTROL
campo de control 656
008 - DATOS DE LONGITUD FIJA--INFORMACIÓN GENERAL
campo de control de longitud fija 080225s2005####xx#a###f|f####0||#0|spa#|
020 ## - NÚMERO INTERNACIONAL ESTÁNDAR DEL LIBRO
Número Internacional Estándar del Libro 8420010405
080 ## - NÚMERO DE LA CLASIFICACIÓN DECIMAL UNIVERSAL
Número de la Clasificación Decimal Universal 636.2
084 ## - OTRO NÚMERO DE CLASIFICACIÓN
Número de clasificación A57
005 - FECHA Y HORA DE LA ÚLTIMA TRANSACCIÓN
campo de control 20241107184642.0
003 - IDENTIFICADOR DE NÚMERO DE CONTROL
campo de control AR-ClEAG
100 1# - ENTRADA PRINCIPAL--NOMBRE DE PERSONA
Nombre de persona Andrews, A. H.
245 10 - MENCIÓN DEL TÍTULO
Título Sanidad del ganado vacuno lechero /
Mención de responsabilidad, etc. A. H. Andrews.
250 ## - MENCION DE EDICION
Mención de edición 1ª ed.
260 ## - PUBLICACIÓN, DISTRIBUCIÓN, ETC.
Lugar de publicación, distribución, etc. Zaragoza :
Nombre del editor, distribuidor, etc. Acribia,
Fecha de publicación, distribución, etc. 2005.
300 ## - DESCRIPCIÓN FÍSICA
Extensión 400 p. :
Otras características físicas il. ;
Dimensiones 24 cm.
653 ## - TÉRMINO DE INDIZACIÓN--NO CONTROLADO
Término no controlado Ternero sano
653 ## - TÉRMINO DE INDIZACIÓN--NO CONTROLADO
Término no controlado Crianza de la novilla lechera
653 ## - TÉRMINO DE INDIZACIÓN--NO CONTROLADO
Término no controlado Nutrición de la vaca lechera
653 ## - TÉRMINO DE INDIZACIÓN--NO CONTROLADO
Término no controlado Fertilidad e infertilidad
653 ## - TÉRMINO DE INDIZACIÓN--NO CONTROLADO
Término no controlado Cojeras
653 ## - TÉRMINO DE INDIZACIÓN--NO CONTROLADO
Término no controlado Desarrollo y función de la glándula mamaria.
653 ## - TÉRMINO DE INDIZACIÓN--NO CONTROLADO
Término no controlado Mastitis y producción de leche
653 ## - TÉRMINO DE INDIZACIÓN--NO CONTROLADO
Término no controlado Genética de la resistencia a las enfermedades
653 ## - TÉRMINO DE INDIZACIÓN--NO CONTROLADO
Término no controlado Edificaciones para la estabulación del ganado vacuno.
653 ## - TÉRMINO DE INDIZACIÓN--NO CONTROLADO
Término no controlado Sistemas de explotación lechera
653 ## - TÉRMINO DE INDIZACIÓN--NO CONTROLADO
Término no controlado Seguridad sanitaria
942 ## - ELEMENTOS DE ENTRADA SECUNDARIOS (KOHA)
Tipo de ítem Koha Libros
980 ## - EQUIVALENCIA O REFERENCIA-CRUZADA-MENCIÓN DE SERIE--NOMBRE DE PERSONA/TÍTULO [LOCAL, CANADÁ]
Enlace 2
Nombre de persona Evangelina Gallicchio
Enlace entre campo y número de secuencia 2
Información miscelánea Evangelina Gallicchio
Holdings
Estatus retirado Estado de pérdida Fuente del sistema de clasificación o colocación Estado de daño No para préstamo Biblioteca de origen Biblioteca actual Ubicación en estantería Fecha de adquisición Número de inventario Total de préstamos Signatura topográfica completa Código de barras Visto por última vez Precio de reemplazo Tipo de ítem Koha
    Clasificación decimal universal     Julio Cortázar Julio Cortázar   07/11/2024 2451   R14 636.2 A57 1 Ej.1 2451 07/11/2024 07/11/2024 Libros

Contacto

Biblioteca Julio Cortázar. Escuela Agrotécnica "Libertador San Martín". Universidad Nacional de Rosario
Dirección: Ov. Lagos 1000 - 2170 Casilda - Santa Fe - Argentina
Tel: (54) (03464) 422226.
Fax: (54) (03464) 427789.
E-Mail: biblio-eac@unr.edu.ar